000 00628nam a2200229Ia 4500
003 OSt
005 20220926033850.0
006 a|||||r|||| 00| 0
007 ta
008 220923b |||||||| |||| 00| 0 eng d
037 _cGeneral Book
040 _aRTL
_cRTL
_beng
041 _2eng
_aeng
082 _aV4445.D<--C, L6
100 _aJayaswal K P
_998810
245 0 _aChronology and history of Nepal
260 _aVaranasi
_bBharti Prakashan
_c1976
300 _a112p
_ccm.
650 _aNepal History
_9103884
942 _hV4445.D<--C, L6
_cGB
_2CC
999 _c658123
_d658123